Central bank of kenya (Record no. 420)
[ view plain ]
| 000 -LEADER | |
|---|---|
| fixed length control field | 00314nam a22001097a 4500 |
| 008 - FIXED-LENGTH DATA ELEMENTS--GENERAL INFORMATION | |
| fixed length control field | 230605b xxu||||| |||| 00| 0 eng d |
| 082 ## - DEWEY DECIMAL CLASSIFICATION NUMBER | |
| Classification number | 330 |
| Item number | CBK |
| 100 ## - MAIN ENTRY--PERSONAL NAME | |
| Titles and words associated with a name | Director of research CBK |
| 245 ## - TITLE STATEMENT | |
| Title | Central bank of kenya |
| Statement of responsibility, etc. | Economic Report For the Financial Year ended 30th June, 1993 |
| 300 ## - PHYSICAL DESCRIPTION | |
| Extent | 57P |
| 942 ## - ADDED ENTRY ELEMENTS (KOHA) | |
| Source of classification or shelving scheme | Dewey Decimal Classification |
| Koha item type | Books |
| Withdrawn status | Lost status | Source of classification or shelving scheme | Damaged status | Not for loan | Home library | Current library | Date acquired | Total Checkouts | Full call number | Barcode | Date last seen | Price effective from | Koha item type |
|---|---|---|---|---|---|---|---|---|---|---|---|---|---|
| Dewey Decimal Classification | Bunge Tower Library | Bunge Tower Library | 06/05/2023 | 330 CBK | 10013377 | 06/05/2023 | 06/05/2023 | Books |
